All lyrics to Who I'd Be (Shrek - the musical) - Statistics

General Stats
  • This quiz has been taken 197 times
  • The average score is 277 of 356
Answer Stats
Lyric % Correct
I
100%
a
98%
A
98%
be
98%
be.
98%
be,
98%
be!
98%
An
96%
an
96%
and
96%
And
96%
I'd
96%
her
95%
my
95%
who
95%
wit
95%
guess
93%
hero
93%
hero,
93%
the
93%
with
93%
that
91%
of
89%
Of
89%
sword
89%
it,
88%
it
88%
it.
88%
Or
88%
or
88%
So
88%
so
88%
would
88%
dashing,
86%
life
86%
semi
86%
That's
86%
that's
86%
all
84%
away,
84%
away
84%
away.
84%
looking
84%
poet
84%
viking
84%
clashing
82%
do
82%
I's.
82%
is
82%
like
82%
live
82%
ogre
82%
shield
82%
ship.
82%
stars
82%
grip.
80%
to
80%
while
80%
within
80%
armour
79%
could
79%
daring
79%
perfect
79%
smelling
79%
story,
79%
upon
79%
alone.
77%
always
77%
else
77%
hides,
77%
sail
77%
see
77%
write
77%
different
75%
some
75%
we
75%
world,
75%
dark
73%
dark,
73%
glory,
73%
known,
73%
lies.
73%
fate
71%
herring,
71%
in
71%
me.
71%
moon
71%
one
71%
tells
71%
wipes
71%
But
70%
but
70%
help
70%
reach
70%
spelling,
70%
stays
70%
telling,
70%
skies
68%
timing.
68%
yes
68%
beaches.
66%
night
66%
rhyming.
66%
storm
66%
farthest
64%
learn.
64%
reaches,
64%
share
64%
feel
63%
joke,
63%
sea
63%
throw
63%
dot
61%
maybe
61%
salt
61%
save
61%
ogre's
59%
yearn,
59%
flower
57%
say.
57%
things
57%
tower
57%
verse,
57%
confess
55%
enchanted,
55%
granted
55%
granted,
55%
if
55%
recite
55%
scale
55%
stories
55%
taste
55%
course
54%
hot-house
54%
wish
54%
carry
52%
stand
52%
were
52%
heart,
50%
helmet.
50%
We'd
46%
we'd
46%
beast,
45%
girl,
45%
kiss,
45%
love,
45%
remove
45%
speak
45%
overwhelm
43%
stare,
43%
get
41%
standing
41%
take
41%
wind,
41%
ending,
39%
ending.
39%
guard
39%
happy
39%
how
39%
somehow
39%
ascending.
36%
breath,
34%
destiny,
34%
find
32%
for
30%
have
30%
hero's
27%
not
25%
should
25%
you're
25%
big
23%
bright
21%
beautiful
20%
No matching quizzes found
Score Distribution
Percent of People with Each Score
Percentile by Number Answered
Your Score History
You have not taken this quiz